000 01101nam a2200313 a 4500
001 000107975
003 CHAP
005 20220329143951.0
008 131125s2011 mx a |r| |||1|||spa d
010 _a104437
011 _a105409
020 _a9786071605405
040 _cCHAP
082 0 4 _a336.72
_bB47
100 1 _aBertrand, Michel
_9124738
245 1 0 _aGrandeza y miseria del oficio :
_blos oficiales de la Real Hacienda de la Nueva España, siglos XVII Y XVIII /
_cpor Michel Bertrand.
260 _aMéxico, D.F. :
_bFCE
_bEl Colegio de Michoacán
_bCentro de Estudios Mexicanos y Centroamericanos,
_c2011.
300 _a591 p. :
_bil., gráfs., cuadros.
490 1 _aHistoria
534 _pTít. original :
_tGrandeur et misère de l'office de finances de Nouvelle-Espagne (XVII°-XVIII° siècles)
590 _aE6096MTM
_b05
_c20131125
_lUCH01
_h1028
650 1 4 _aAmérica
_xHistoria.
_95368
650 1 4 _aFinanzas públicas
_zMéxico.
_940975
650 1 4 _aMéxico
_xAspectos económicos.
_976643
830 0 _aHistoria
_955599
901 _aBK
942 _cLIBRO
942 _n0
999 _c104437
_d104437